00805nam a22002057a 450000500170000001000150001702000260003203500140005803700090007208200090008110000230009024500540011325000060016726000590017327001540023230000210038694200230040799900190043095201500044920241001170513.0 aENG-141865 c599.00a9789391028602 aEN-125397 bDBAD aN21 aMenon, Anil972299 aThe Inconceivable Idea of the Sun/cby Anil Menon a1 aGurugrambHachette Book Publishing India Pvt.Ltdc2022 bGurugramaHachette Book Publishing India Pvt.Ltd 4th&5th Floors, Corporate Centre Plot No.94, Sector44, Gurugram Indiae122003mwww.hachetteindia.com a260p.c20cm (pb) 2ddccENhNmMENe1 c206071d206071 001040708NFICaBNbBNd2024-10-01eDelivery of Books Act Divisiong599.00l0oN MENpEN-125397r2024-10-01 00:00:00t1v599.00w2024-10-01yEN